15 Players with the Most Free-Kicks Scored in History - Statistics

General Stats
  • This quiz has been taken 44 times
  • The average score is 8 of 15
Answer Stats
# Player Country Scored % Correct
5 Lionel Messi Argentina 66
97%
7 Cristiano Ronaldo Portugal 64
94%
2 Pele Brazil 70
83%
8 Diego Maradona Argentina 62
74%
4 Ronaldinho Brazil 66
74%
15 Andrea Pirlo Italy 46
71%
6 David Beckham England 65
71%
1 Juninho Brazil 77
69%
13 Alessandro Del Piero Italy 52
57%
9 Zico Brazil 62
51%
14 Michel Platini France 50
37%
10 Ronald Koeman Netherlands 60
31%
12 Rogerio Ceni Brazil 59
17%
3 Victor Legrottaglie Argentina 66
11%
11 Marcelinho Carioca Brazil 59
6%
No matching quizzes found
Score Distribution
Percent of People with Each Score
Percentile by Number Answered
Your Score History
You have not taken this quiz